| 000 | 00872nam a22002537a 4500 | ||
|---|---|---|---|
| 005 | 20240821112142.0 | ||
| 010 | _aENG-139079 ENG-141343 | ||
| 020 |
_c780.00 _a9789354095627 |
||
| 035 | _aEN-122611 | ||
| 035 | _aEN-124875 | ||
| 037 | _bDBAD | ||
| 037 | _adpl | ||
| 082 |
_a954.09 _b1 |
||
| 100 |
_aTanwar, Raghuvendra _970265 |
||
| 245 | 1 |
_aThe Story Of India's Partition/ _cBy Raghuvendra, Tanwar |
|
| 260 |
_aNew Delhi _bThe director General, Publication Division _c2021 |
||
| 270 |
_aSoochna Bhawan, C.G.O. Complex, Lodhi Road, New Delhi _bNew Delhi _e110003 |
||
| 300 |
_a236p.: _c30cm(Pb) |
||
| 500 | _aIncludes bibliographical references. | ||
| 600 |
_aChurchill, Winston, _d1874-1965. _970266 |
||
| 650 |
_aFamines _zIndia _zBengal. _970267 |
||
| 650 |
_aWorld War, 1939-1945 _xInfluence. _970268 |
||
| 942 |
_adpl _cEN _2ddc _h954.09 _mTAN |
||
| 999 |
_c200444 _d200444 |
||